=LDR 00000nam 2200000 4500 =001 INLIS000000000015188 =005 20130612110453 =008 ***********************************Ind** =035 ##$$0010-061300000015188 =041 ##$$a Ind =082 ##$$a 629.286 =090 ##$$a 629.286, ROZ-m =100 ##$$a Rozali, Antonius B de =245 ##$$a Mendirikan Bengkel Mini, Antonius B de Rozali =260 ##$$a 1996 $b Jakarta =300 ##$$a IV, 36 hlm, Ilus, 21cm =650 ##$$a Mobil-Bengkel =850 ##$$a NBPNMAT